[Event "Korbach op 8th"]
[Site "Korbach"]
[Date "2016.10.21"]
[Round "2"]
[White "Spisla, Dominik"]
[Black "Hesse, Michael"]
[Result "1/2-1/2"]
[WhiteElo "1925"]
[BlackElo "1944"]
[PlyCount "197"]
[EventDate "2016.10.20"]
[EventType "swiss"]
[EventRounds "7"]
[EventCountry "GER"]
[SourceTitle "CBM 175 Extra"]
[Source "ChessBase"]
[SourceDate "2016.12.12"]
[SourceVersion "1"]
[SourceVersionDate "2016.12.12"]
[SourceQuality "1"]

1. d4 Nf6 2. c4 e6 3. Nc3 d5 4. cxd5 exd5 5. Bg5 Be7 6. e3 c6 7. Bd3 h6 8. Bh4 Nbd7 9. Nf3 Qb6 10. Qe2 0-0 11. 0-0 Re8 12. Rfc1 Nf8 13. a3 Bg4 14. b4 a6 15. Na4 Qc7 16. Bg3 Bd6 17. Nc5 Bxg3 18. hxg3 Ne6 19. Qc2 Bxf3 20. gxf3 Ng5 21. Kg2 Re7 22. a4 Rae8 23. f4 Nge4 24. Nxe4 dxe4 25. Bc4 Qd7 26. Qe2 b5 27. Bb3 Rc8 28. axb5 cxb5 29. Qd2 Rxc1 30. Qxc1 Qb7 31. Qa3 Nd5 32. Bxd5 Qxd5 33. Qxa6 Qh5 34. Qc8+ Kh7 35. g4 Qh4 36. Rh1 Rc7 37. Qf5+ g6 38. Qxf7+ Rxf7 39. Rxh4 Kg7 40. Rh1 Rc7 41. Rb1 Rc4 42. Rb3 Kf6 43. f3 exf3+ 44. Kxf3 h5 45. gxh5 gxh5 46. Kg3 Kf5 47. Kh4 Rc1 48. Kg3 Rg1+ 49. Kf3 Rf1+ 50. Ke2 Rh1 51. Rc3 Ke4 52. Rc5 Rh2+ 53. Kf1 Kf3 54. Kg1 Rg2+ 55. Kh1 h4 56. Rh5 Rb2 57. Rxb5 Kxe3 58. f5 Kxd4 59. f6 Rf2 60. Rb6 h3 61. Kg1 Rf3 62. Kh2 Ke5 63. b5 Kd5 64. Rc6 Ke5 65. b6 Kd5 66. b7 Kxc6 67. b8Q Rxf6 68. Qe5 Rd6 69. Kxh3 Rd5 70. Qe4 Kc5 71. Kg3 Rd4 72. Qe5+ Kc4 73. Kf3 Rd5 74. Qe6 Kc5 75. Ke4 Rd4+ 76. Ke5 Rd3 77. Qc8+ Kb4 78. Ke4 Rd2 79. Qc6 Kb3 80. Qc5 Rc2 81. Qb5+ Kc3 82. Ke3 Rb2 83. Qc5+ Kb3 84. Kd3 Ka2 85. Qa5+ Kb1 86. Qa4 Rg2 87. Qe4 Rc2 88. Qe1+ Rc1 89. Qb4+ Ka2 90. Qa4+ Kb2 91. Kd2 Rb1 92. Qc2+ Ka1 93. Qc3+ Ka2 94. Qa5+ Kb2 95. Qb4+ Ka2 96. Qc3 Rb2+ 97. Kd1 Rb1+ 98. Kc2 Rc1+ 99. Kxc1 1/2-1/2

[Event "NRW Class1 1011"]
[Site "Germany"]
[Date "2011.03.13"]
[Round "8.4"]
[White "Mazarov, Juergen"]
[Black "Spisla, Dominik"]
[Result "0-1"]
[WhiteElo "2167"]
[BlackElo "1873"]
[PlyCount "96"]
[EventDate "2010.09.26"]
[EventType "team-tourn"]
[EventRounds "9"]
[EventCountry "GER"]
[SourceTitle "EXT 2012"]
[Source "ChessBase"]
[SourceDate "2011.11.24"]
[SourceVersion "1"]
[SourceVersionDate "2011.11.24"]
[SourceQuality "1"]
[WhiteTeam "Bochum II"]
[BlackTeam "Brackweda"]
[WhiteTeamCountry "GER"]
[BlackTeamCountry "GER"]

1. e4 c5 2. Nf3 d6 3. d4 cxd4 4. Nxd4 Nf6 5. Nc3 a6 6. Bg5 e6 7. f4 Qb6 8. Qd2 Qxb2 9. Rb1 Qa3 10. f5 Be7 11. fxe6 fxe6 12. Bc4 h6 13. Bxe6 Nc6 14. Nxc6 bxc6 15. Bxc8 Rxc8 16. Be3 0-0 17. 0-0 Ng4 18. Bd4 c5 19. Nd5 Bg5 20. Qe2 cxd4 21. Qxg4 Qxa2 22. Qe6+ Kh8 23. Qxd6 Rxf1+ 24. Rxf1 Qxc2 25. Qxa6 d3 26. g3 d2 27. Qe2 Qc1 28. h4 Qxf1+ 29. Kxf1 Rc1+ 30. Kf2 d1Q 31. Qxd1 Rxd1 32. hxg5 hxg5 33. Kf3 Kh7 34. Kg4 Kh6 35. Ne3 Re1 36. Nf5+ Kg6 37. Ne7+ Kf7 38. Nf5 Kf6 39. Kf3 g4+ 40. Kf2 Rxe4 41. Ne3 Ke5 42. Ng2 g5 43. Ne3 Kd4 44. Nf5+ Ke5 45. Ne3 Rb4 46. Kg2 Rb2+ 47. Kg1 Ke4 48. Nxg4 Kf3 0-1

[Event "GER-chT U20"]
[Site "Chemnitz"]
[Date "2009.12.30"]
[Round "7.5"]
[White "Spisla, Dominik"]
[Black "Colpe, Malte"]
[Result "0-1"]
[WhiteElo "1807"]
[BlackElo "2160"]
[PlyCount "76"]
[EventDate "2009.12.27"]
[EventType "team-swiss"]
[EventRounds "7"]
[EventCountry "GER"]
[SourceTitle "EXT 2022"]
[Source "ChessBase"]
[SourceDate "2021.10.06"]
[SourceVersion "1"]
[SourceVersionDate "2021.10.06"]
[SourceQuality "1"]
[WhiteTeam "Brackweda U20"]
[BlackTeam "Hamburger SK U20"]
[WhiteTeamCountry "GER"]
[BlackTeamCountry "GER"]

1. d4 Nf6 2. Nc3 d5 3. Bg5 Nbd7 4. f3 h6 5. Bh4 c5 6. e4 dxe4 7. fxe4 Qa5 8. Bxf6 exf6 9. Qd2 cxd4 10. Qxd4 Bc5 11. Qa4 Qb6 12. 0-0-0 Bxg1 13. Nd5 Qd6 14. Rxg1 0-0 15. g3 Nc5 16. Qd4 Kh8 17. Nf4 Qe5 18. Qxe5 fxe5 19. Rd5 exf4 20. Rxc5 fxg3 21. hxg3 Bd7 22. Bc4 Rac8 23. Rxc8 Bxc8 24. Rf1 Kg8 25. Bd5 g5 26. c4 b6 27. Rf6 Kg7 28. Rc6 h5 29. Rc7 h4 30. gxh4 gxh4 31. e5 Kg6 32. Rxa7 Kf5 33. a4 Kxe5 34. Kd2 h3 35. Re7+ Be6 36. b4 Kd6 37. Bxe6 h2 38. Bd5 Kxe7 0-1

[Event "GER-chT U20"]
[Site "Chemnitz"]
[Date "2009.12.27"]
[Round "2.5"]
[White "Spisla, Dominik"]
[Black "Wang, Julia"]
[Result "1/2-1/2"]
[WhiteElo "1807"]
[BlackElo "1660"]
[PlyCount "132"]
[EventDate "2009.12.27"]
[EventType "team-swiss"]
[EventRounds "7"]
[EventCountry "GER"]
[SourceTitle "EXT 2022"]
[Source "ChessBase"]
[SourceDate "2021.10.06"]
[SourceVersion "1"]
[SourceVersionDate "2021.10.06"]
[SourceQuality "1"]
[WhiteTeam "Brackweda U20"]
[BlackTeam "Heilbronn U20"]
[WhiteTeamCountry "GER"]
[BlackTeamCountry "GER"]

1. d4 f5 2. c4 Nf6 3. g3 d6 4. Bg2 g6 5. Nc3 Bg7 6. e4 Nc6 7. Nge2 0-0 8. 0-0 e5 9. d5 Ne7 10. Be3 Ng4 11. Qd2 Nxe3 12. fxe3 Bh6 13. Qd3 fxe4 14. Bxe4 Nf5 15. Bxf5 Bxf5 16. e4 Bh3 17. Rxf8+ Qxf8 18. Re1 Qf6 19. Nd1 Rf8 20. Nec3 Qg5 21. Nf2 Bd7 22. Nb5 Qh5 23. Qe2 Qg5 24. Kg2 Qd2 25. Qxd2 Bxd2 26. Re2 Ba5 27. Re3 a6 28. Nc3 b5 29. b3 bxc4 30. bxc4 Rb8 31. Ncd1 Rb4 32. Ra3 Bb6 33. Rxa6 Rxc4 34. Kf3 g5 35. h3 h5 36. g4 hxg4+ 37. hxg4 Ba4 38. Ra8+ Kg7 39. Ra6 Bb5 40. Ra3 Rc2 41. Ne3 Be2+ 42. Kg3 Rc1 43. Rb3 Ra1 44. a3 Bc5 45. Kg2 Rxa3 46. Rxa3 Bxa3 47. Nfd1 Bc5 48. Nc3 Bd3 49. Kf3 Bd4 50. Nf5+ Kf6 51. Ne2 Bb2 52. Ke3 Bb5 53. Kf3 Ba3 54. Neg3 c6 55. dxc6 Bxc6 56. Nh5+ Kf7 57. Ne3 Bc1 58. Nc4 Ke7 59. Ng3 Ke6 60. Nb6 d5 61. exd5+ Bxd5+ 62. Nxd5 Kxd5 63. Ne4 Bf4 64. Nf6+ Kd4 65. Ne4 Kd3 66. Nf6 Kd2 1/2-1/2

[Event "Dortmund Sparkassen op"]
[Site "Dortmund"]
[Date "2008.07.06"]
[Round "9"]
[White "Spisla, Dominik"]
[Black "Maniocha, Marek"]
[Result "0-1"]
[WhiteElo "1724"]
[BlackElo "2101"]
[PlyCount "82"]
[EventDate "2008.06.30"]
[EventType "swiss"]
[EventRounds "9"]
[EventCountry "GER"]
[SourceTitle "CBM 125 Extra"]
[Source "ChessBase"]
[SourceDate "2008.09.01"]
[SourceVersion "1"]
[SourceVersionDate "2008.09.01"]
[SourceQuality "1"]

1. d4 Nf6 2. Nc3 d5 3. Bg5 e6 4. e4 dxe4 5. Nxe4 Be7 6. Bxf6 Bxf6 7. Nf3 Nd7 8. c3 Be7 9. Bd3 0-0 10. 0-0 Nf6 11. Rc1 Nxe4 12. Bxe4 Bf6 13. Qe2 c6 14. Bb1 Bd7 15. Qe4 g6 16. Ne5 Bg7 17. Rfe1 Qe7 18. Rcd1 Rad8 19. Nd3 Bc8 20. Bc2 Qd6 21. Ne5 c5 22. Qe3 cxd4 23. Rxd4 Qc7 24. Rxd8 Rxd8 25. Nf3 b6 26. Rd1 Bb7 27. Rxd8+ Qxd8 28. Qd2 Qf6 29. Qe3 Bd5 30. a3 h5 31. Be4 Bb3 32. Nd4 Qd8 33. Qd3 Ba4 34. Nb5 Qg5 35. Nxa7 Qc1+ 36. Qf1 Qxb2 37. Nc8 Bxc3 38. Qb1 Qxb1+ 39. Bxb1 Bd4 40. Bd3 Be5 41. Kf1 Kf8 0-1

[Event "Dortmund Sparkassen op"]
[Site "Dortmund"]
[Date "2008.07.05"]
[Round "8"]
[White "Dyballa, Gerhard"]
[Black "Spisla, Dominik"]
[Result "1/2-1/2"]
[WhiteElo "2028"]
[BlackElo "1724"]
[PlyCount "71"]
[EventDate "2008.06.30"]
[EventType "swiss"]
[EventRounds "9"]
[EventCountry "GER"]
[SourceTitle "CBM 125 Extra"]
[Source "ChessBase"]
[SourceDate "2008.09.01"]
[SourceVersion "1"]
[SourceVersionDate "2008.09.01"]
[SourceQuality "1"]

1. c4 e5 2. Nc3 Nc6 3. g3 g6 4. Bg2 Bg7 5. Nf3 d6 6. 0-0 f5 7. d3 Nf6 8. Bg5 h6 9. Bxf6 Bxf6 10. Nd5 0-0 11. Rb1 a5 12. a3 g5 13. b4 axb4 14. axb4 Be6 15. Nd2 Rb8 16. b5 Ne7 17. Nxf6+ Rxf6 18. Qc2 f4 19. Ra1 fxg3 20. hxg3 Qd7 21. Ra7 Bh3 22. Qa2 Bxg2 23. Kxg2 Kg7 24. Ra8 Rbf8 25. Ne4 R6f7 26. Rxf8 Rxf8 27. Qa7 b6 28. Nc3 Rf7 29. Qb7 Nf5 30. Rh1 Qe7 31. Nd5 Qd7 32. f3 Nd4 33. Nc3 g4 34. Rf1 gxf3+ 35. exf3 Qf5 36. Qe4 1/2-1/2

[Event "Dortmund Sparkassen op"]
[Site "Dortmund"]
[Date "2008.07.03"]
[Round "6"]
[White "Bondarchuk, Vadim"]
[Black "Spisla, Dominik"]
[Result "1/2-1/2"]
[WhiteElo "1993"]
[BlackElo "1724"]
[PlyCount "117"]
[EventDate "2008.06.30"]
[EventType "swiss"]
[EventRounds "9"]
[EventCountry "GER"]
[SourceTitle "CBM 125 Extra"]
[Source "ChessBase"]
[SourceDate "2008.09.01"]
[SourceVersion "1"]
[SourceVersionDate "2008.09.01"]
[SourceQuality "1"]

1. e4 c5 2. d3 d6 3. f4 Nc6 4. Nf3 g6 5. g3 Bg7 6. Bg2 e6 7. 0-0 Nge7 8. c3 f5 9. Be3 b6 10. Nbd2 Rb8 11. Re1 0-0 12. h3 fxe4 13. dxe4 d5 14. e5 Nf5 15. Bf2 d4 16. Ne4 dxc3 17. bxc3 Qc7 18. Qc2 Nd8 19. Rad1 Nf7 20. Rd2 Bb7 21. Nfg5 Bxe4 22. Nxe4 Rbd8 23. Red1 Rxd2 24. Rxd2 Rd8 25. Rxd8+ Qxd8 26. Qd2 Qxd2 27. Nxd2 Ne7 28. c4 Nd8 29. Kf1 Ndc6 30. Ke2 Nb4 31. a4 g5 32. Ne4 gxf4 33. gxf4 Nf5 34. Ng5 Bh6 35. Nxe6 Kf7 36. Ng5+ Bxg5 37. fxg5 Ke6 38. Be4 Kxe5 39. Bb1 Kf4 40. h4 Nc6 41. Bxf5 Kxf5 42. Kd3 Ne5+ 43. Kc3 Kg4 44. a5 Nf3 45. axb6 axb6 46. Kb3 Ne5 47. Kc3 Kf3 48. Be1 Kg4 49. Bf2 Nf3 50. Kb3 Nxh4 51. Ka4 Nf5 52. Kb5 Nd6+ 53. Kxb6 Nxc4+ 54. Kxc5 Ne5 55. Kd4 Nf3+ 56. Ke3 Nxg5 57. Be1 h5 58. Kf2 Kh3 59. Ba5 1/2-1/2

[Event "GER-chT U16"]
[Site "Uelzen"]
[Date "2007.12.30"]
[Round "7.3"]
[White "Hahn, Florian"]
[Black "Spisla, Dominik"]
[Result "1-0"]
[WhiteElo "1501"]
[BlackElo "1706"]
[PlyCount "31"]
[EventDate "2007.12.27"]
[EventType "team-swiss"]
[EventRounds "7"]
[EventCountry "GER"]
[SourceTitle "EXT 2022"]
[Source "ChessBase"]
[SourceDate "2021.10.06"]
[SourceVersion "1"]
[SourceVersionDate "2021.10.06"]
[SourceQuality "1"]
[WhiteTeam "Gruendau U16"]
[BlackTeam "Brackweda U16"]
[WhiteTeamCountry "GER"]
[BlackTeamCountry "GER"]

1. Nf3 d5 2. b3 e6 3. e3 Nf6 4. Bb2 c5 5. c4 Nc6 6. cxd5 exd5 7. Bb5 a6 8. Bxc6+ bxc6 9. 0-0 Rb8 10. Ba3 Bd6 11. Qc2 Qe7 12. d4 Ne4 13. Rc1 Ng5 14. Nxg5 Qxg5 15. Bxc5 Bh3 16. f4 1-0

[Event "GER-chT U16"]
[Site "Uelzen"]
[Date "2007.12.29"]
[Round "6.4"]
[White "Nonhoff, Marko"]
[Black "Spisla, Dominik"]
[Result "1/2-1/2"]
[WhiteElo "1706"]
[BlackElo "1706"]
[PlyCount "81"]
[EventDate "2007.12.27"]
[EventType "team-swiss"]
[EventRounds "7"]
[EventCountry "GER"]
[SourceTitle "EXT 2022"]
[Source "ChessBase"]
[SourceDate "2021.10.06"]
[SourceVersion "1"]
[SourceVersionDate "2021.10.06"]
[SourceQuality "1"]
[WhiteTeam "Paderborn U16"]
[BlackTeam "Brackweda U16"]
[WhiteTeamCountry "GER"]
[BlackTeamCountry "GER"]

1. e4 c5 2. c3 d5 3. exd5 Qxd5 4. d4 Nf6 5. Nf3 Bg4 6. Be2 e6 7. 0-0 Be7 8. Be3 cxd4 9. cxd4 Nc6 10. Nc3 Qd6 11. a3 0-0 12. Qd2 Rfc8 13. b4 a6 14. Rfd1 Qd8 15. h3 Bh5 16. d5 exd5 17. Nxd5 Nxd5 18. Qxd5 Qxd5 19. Rxd5 Bg6 20. Rd7 Rab8 21. Bf4 Rd8 22. Rxe7 Nxe7 23. Bxb8 Rxb8 24. Rd1 Bf5 25. Ne5 Be6 26. Bf3 Kh8 27. Kf1 g6 28. g4 Kg7 29. Rd6 b6 30. Ke2 a5 31. b5 h5 32. gxh5 Bxh3 33. hxg6 fxg6 34. Be4 Bf5 35. Bxf5 gxf5 36. Nd7 Re8 37. Kd3 Nc8 38. Rd4 Kf7 39. f4 Ke7 40. Ne5 Nd6 41. a4 1/2-1/2

[Event "Bielefeld Gr6"]
[Site "Bielefeld"]
[Date "2007.05.27"]
[Round "4"]
[White "Spisla, Dominik"]
[Black "Dacic, Adrian"]
[Result "1/2-1/2"]
[WhiteElo "1616"]
[BlackElo "1676"]
[PlyCount "49"]
[EventDate "2007.05.25"]
[EventType "tourn"]
[EventRounds "7"]
[EventCountry "GER"]
[SourceTitle "EXT 2008"]
[Source "ChessBase"]
[SourceDate "2007.11.25"]
[SourceVersion "1"]
[SourceVersionDate "2007.11.25"]
[SourceQuality "1"]

1. e4 e5 2. Nf3 Nf6 3. Nxe5 d6 4. Nf3 Nxe4 5. d3 Nf6 6. d4 d5 7. Bg5 Be7 8. Nbd2 Be6 9. Bd3 Nbd7 10. 0-0 0-0 11. c3 c6 12. Qc2 h6 13. Bh4 Qc7 14. Bg3 Bd6 15. Bxd6 Qxd6 16. Rfe1 Rfe8 17. Ne5 Ng4 18. Ndf3 Ngxe5 19. Nxe5 Nxe5 20. Rxe5 Bd7 21. Rae1 Rxe5 22. Rxe5 Re8 23. Rxe8+ Bxe8 24. Qe2 Bd7 25. Qe3 1/2-1/2

[Event "Werther Schloss op-C 13rd"]
[Site "Werther"]
[Date "2007.04.01"]
[Round "5"]
[White "Steinbach, Juergen"]
[Black "Spisla, Dominik"]
[Result "1/2-1/2"]
[WhiteElo "1634"]
[BlackElo "1565"]
[PlyCount "46"]
[EventDate "2007.03.31"]
[EventType "swiss"]
[EventRounds "5"]
[EventCountry "GER"]
[SourceTitle "EXT 2008"]
[Source "ChessBase"]
[SourceDate "2007.11.25"]
[SourceVersion "1"]
[SourceVersionDate "2007.11.25"]
[SourceQuality "1"]

1. d4 Nf6 2. Nf3 d5 3. e3 e6 4. Bd3 c5 5. b3 cxd4 6. exd4 Be7 7. Bb2 0-0 8. 0-0 Nbd7 9. Nbd2 b6 10. Re1 Bb7 11. Qe2 Re8 12. Ne5 Nxe5 13. dxe5 Nd7 14. Qh5 g6 15. Qh3 a6 16. Bd4 Nc5 17. Bxc5 Bxc5 18. Nf3 Be7 19. Rad1 Rc8 20. c4 Qc7 21. Qg4 dxc4 22. Bxc4 Bxf3 23. Qxf3 b5 1/2-1/2

[Event "Werther Schloss op-C 13rd"]
[Site "Werther"]
[Date "2007.03.31"]
[Round "3"]
[White "Neumair, Jerome"]
[Black "Spisla, Dominik"]
[Result "1/2-1/2"]
[WhiteElo "1720"]
[BlackElo "1565"]
[PlyCount "69"]
[EventDate "2007.03.31"]
[EventType "swiss"]
[EventRounds "5"]
[EventCountry "GER"]
[SourceTitle "EXT 2008"]
[Source "ChessBase"]
[SourceDate "2007.11.25"]
[SourceVersion "1"]
[SourceVersionDate "2007.11.25"]
[SourceQuality "1"]

1. c4 e5 2. Nc3 Nc6 3. g3 g6 4. Bg2 Bg7 5. d3 d6 6. e4 f5 7. Nge2 Nf6 8. 0-0 0-0 9. Nd5 Be6 10. Nec3 fxe4 11. Nxf6+ Bxf6 12. Nxe4 Be7 13. Nc3 Qd7 14. Be3 Kh8 15. Qd2 Bh3 16. Nd5 Bxg2 17. Kxg2 Rf7 18. b4 Bf6 19. Nxf6 Rxf6 20. b5 Ne7 21. Bg5 Rf7 22. Bxe7 Rxe7 23. Rfe1 b6 24. a4 a5 25. Rad1 Rae8 26. f3 Kg8 27. Re4 Re6 28. Ree1 R6e7 29. Qa2 Kf8 30. Qb2 Kg8 31. Qe2 Re6 32. Qe4 Qe7 33. h4 Qf7 34. Qc6 Kg7 35. Qe4 1/2-1/2

[Event "Dortmund Sparkassen op-B"]
[Site "Dortmund"]
[Date "2006.08.03"]
[Round "6"]
[White "Mainka, Walter"]
[Black "Spisla, Dominik"]
[Result "1-0"]
[WhiteElo "1591"]
[BlackElo "1482"]
[PlyCount "99"]
[EventDate "2006.07.28"]
[EventType "swiss"]
[EventRounds "9"]
[EventCountry "GER"]
[SourceTitle "CBM 113 Extra"]
[Source "ChessBase"]
[SourceDate "2006.09.14"]
[SourceVersion "1"]
[SourceVersionDate "2006.09.14"]
[SourceQuality "1"]

1. d4 d5 2. e3 e6 3. a3 c5 4. dxc5 Bxc5 5. b4 Be7 6. Bb2 Nf6 7. Nf3 0-0 8. Nbd2 Nbd7 9. c4 b6 10. cxd5 exd5 11. Nb3 Bb7 12. Be2 Rc8 13. 0-0 Ne4 14. Rc1 Rxc1 15. Qxc1 Qc8 16. Qa1 Bf6 17. Nfd4 Qb8 18. Bg4 Ne5 19. Be2 Nc4 20. Bc1 a6 21. f3 Ned6 22. Qb1 Re8 23. Qd3 Bg5 24. f4 Bf6 25. Bf3 Re7 26. Kf2 Ne4+ 27. Bxe4 Rxe4 28. Re1 Qd6 29. Nf5 Qc7 30. Nbd4 Bxd4 31. Nxd4 g6 32. h3 Qe7 33. g3 Qd7 34. g4 Qe7 35. Kg3 Qd7 36. Nf3 b5 37. Ng5 Re7 38. Qd4 h6 39. Nf3 Re4 40. Qc5 Qe7 41. Qxe7 Rxe7 42. Kf2 Re4 43. Nd4 Kg7 44. Nb3 Kf6 45. Nc5 Re7 46. Rd1 Ba8 47. Nxa6 Ra7 48. Nc5 Nxa3 49. Bb2+ Ke7 50. Ra1 1-0

[Event "Bielefeld Gr7"]
[Site "Bielefeld"]
[Date "2006.06.04"]
[Round "5"]
[White "Huber, Helmut"]
[Black "Spisla, Dominik"]
[Result "0-1"]
[WhiteElo "1546"]
[BlackElo "1492"]
[PlyCount "104"]
[EventDate "2006.06.02"]
[EventType "tourn"]
[EventRounds "7"]
[EventCountry "GER"]
[SourceTitle "EXT 2007"]
[Source "ChessBase"]
[SourceDate "2006.11.23"]
[SourceVersion "1"]
[SourceVersionDate "2006.11.23"]
[SourceQuality "1"]

1. d4 Nf6 2. Bg5 Ne4 3. Bh4 d5 4. f3 Nd6 5. Nc3 c6 6. e4 g6 7. Qd2 dxe4 8. fxe4 Bg7 9. Nf3 0-0 10. Be2 Nd7 11. 0-0 Nb6 12. b3 Qc7 13. Rad1 e6 14. Ne5 f5 15. Bg5 Nf7 16. Nxf7 Rxf7 17. e5 a6 18. Na4 Nxa4 19. bxa4 b5 20. c3 Qa5 21. Bf3 Bd7 22. Rb1 Rc8 23. axb5 axb5 24. Rb2 Qa7 25. Rfb1 Bxe5 26. Kh1 Bg7 27. a4 Qc7 28. axb5 cxb5 29. Bf4 Qxc3 30. Qxc3 Rxc3 31. d5 Rxf3 32. gxf3 Bxb2 33. dxe6 Bxe6 34. Rxb2 Bc4 35. Kg2 Rd7 36. Kf2 Kf7 37. Rb1 Rb7 38. Rb4 Ke6 39. h4 Ra7 40. Rb2 Ra2 41. Bc1 b4 42. Ke3 b3 43. Kd4 Rxb2 44. Bxb2 Bd5 45. f4 Be4 46. Kc5 Kf7 47. Kd6 h6 48. Be5 g5 49. fxg5 hxg5 50. hxg5 Kg6 51. Bf6 Bc2 52. Kd5 f4 0-1